All Olympics Host Cities on a World Map - Statistics

General Stats
  • This quiz has been taken 8,522 times
    7,615 since last reset
  • The average score is 33 of 48
Answers on the Map
Answers color-coded by a green-red scale on the quiz's map according to % correct below.
 
Answer Stats
Year Host City % Correct
1908, 1948, 2012 London
97%
1932, 1984, 2028 Los Angeles
97%
1900, 1924, 2024 Paris
97%
1964, 2020 Tokyo
97%
1896, 2004 Athens
96%
2016 Rio de Janeiro
96%
1980 Moscow
95%
1960 Rome
95%
2000 Sydney
95%
1992 Barcelona
94%
1936 Berlin
94%
2008, 2022 Beijing
93%
1968 Mexico City
93%
1988 Seoul
91%
1928 Amsterdam
90%
1996 Atlanta
89%
1952 Helsinki
89%
1912 Stockholm
89%
1956 Melbourne
88%
2010 Vancouver
87%
1952 Oslo
86%
2018 Buenos Aires
83%
1972 Münich
80%
1976 Montréal
79%
2002 Salt Lake City
73%
1984 Sarajevo
73%
2010 Singapore
73%
2014 Sochi
72%
1920 Antwerp
71%
1988 Calgary
70%
1904 Saint Louis
70%
2006 Turin
65%
2022 Dakar
62%
1972 Sapporo
56%
1964, 1976, 2012 Innsbruck
53%
1932, 1980 Lake Placid
45%
1994, 2016 Lillehammer
45%
2018 Pyeongchang
45%
1998 Nagano
35%
1968 Grenoble
32%
1928, 1948 Saint Moritz
31%
1956 Cortina d'{Ampezzo}
29%
1924 Chamonix
28%
1960 {Squaw} Valley
27%
1992 Albertville
26%
2020 Lausanne
25%
1936 {Garmisch}- Partenkirchen
24%
2014 Nanjing
24%
No matching quizzes found
Score Distribution
Percent of People with Each Score
Percentile by Number Answered
Your Score History
You have not taken this quiz since the last reset